Êtes-vous rapide ? Test de rapidité aaa,bbb - Statistiques

Statistiques générales
  • Ce quiz a été pris 1 275 fois
  • Le résultat moyen est 13 sur 26
Statistiques - réponses
Lettre à recopier 3 fois La réponse :) % Correct
aaa aaa
100%
bbb bbb
90%
eee eee
89%
ddd ddd
88%
ccc ccc
86%
fff fff
83%
ggg ggg
79%
iii iii
77%
hhh hhh
74%
jjj jjj
70%
kkk kkk
64%
lll lll
60%
mmm mmm
57%
ooo ooo
51%
ppp ppp
46%
nnn nnn
43%
rrr rrr
37%
qqq qqq
35%
ttt ttt
25%
sss sss
24%
uuu uuu
21%
yyy yyy
14%
zzz zzz
13%
vvv vvv
8%
www www
7%
xxx xxx
4%
Aucun quiz correspondant
Distribution des résultats
% des personnes avec chaque résultat
Percentile par nombre de réponses
Votre historique - résultats
Vous n’avez pas pris ce quiz